000 00325nam a22001337a 4500
008 170529b xxu||||| |||| 00| 0 eng d
020 _a3540093400
041 _aeng
080 _a62
100 _a27
101 _aIM
245 _aLECTURE NOTES IN CONTROL AND INFORMATION SCIENCES
_cBALAKRISHNAN,A.V
942 _2udc
_cBK
999 _c14717
_d14717